FLIGHT OF THE OLD DOG (Record no. 2079)

000 -LEADER
fixed length control field 00321nam a2200133Ia 4500
008 - FIXED-LENGTH DATA ELEMENTS--GENERAL INFORMATION
fixed length control field 180730s9999||||xx |||||||||||||| ||und||
020 ## - INTERNATIONAL STANDARD BOOK NUMBER
International Standard Book Number 9780261672697
082 ## - DEWEY DECIMAL CLASSIFICATION NUMBER
Classification number 242
Item number BRO/F
100 ## - MAIN ENTRY--PERSONAL NAME
Personal name Brown, Dale
245 #0 - TITLE STATEMENT
Title FLIGHT OF THE OLD DOG
260 ## - PUBLICATION, DISTRIBUTION, ETC.
Place of publication, distribution, etc. London
Name of publisher, distributor, etc. Harper Collins Pub.
Date of publication, distribution, etc. 1999
300 ## - PHYSICAL DESCRIPTION
Extent 346p
942 ## - ADDED ENTRY ELEMENTS (KOHA)
Institution code [OBSOLETE] BK
Holdings
Withdrawn status Lost status Damaged status Not for loan Collection code Permanent Location Current Location Date acquired Cost, normal purchase price Full call number Barcode Date last seen Price effective from Koha item type
        School of Animation (Noida) MUIT-NOIDA MUIT-NOIDA 2018-07-30 312.00 242 BRO/F ANM00128 2025-03-26 2018-07-30 Donated Books

All Rights Reserved@MUIT

Powered by Koha